Obálka
Pro půjčování e-knih musíte být přihlášeni.
Jak si půjčit online?

Poslední zrada /

Další z řady případů inspektorky Lottie Parkerové. Případ zavražděných děvčat, která v ruce drží stříbrnou minci inspektorku upřímně děsí. O to víc je pak vylekaná, když náhle zmizí její dcery.

Uloženo v:
Série:Inspektorka Lottie Parkerová, část 6
Hlavní autor: Gibney, Patricia, 1962- (Autor)
Další autoři: Faltejsková, Lenka, 1974- (Autor)
Médium: E-audiokniha
Jazyk:Czech
Vydáno: Praha : Euromedia Group, 2023
Vydání:Vydání první
Témata:
Příbuzné jednotky:Z cyklu:: Inspektorka Lottie Parkerová
Tagy:
Žádné tagy
LEADER 06394nam a2201309 i 4500
001 313386
003 CZ PrSKC
005 20260601215741.0
007 ta
008 230307s2023 xr g 000 f cze
015 |a cnb003478615 
020 |a 9788024287294  |q (vázáno) 
035 |a (OCoLC)1378696243 
040 |a ABG001  |b cze  |e rda 
041 1 |a cze  |h eng 
072 7 |a 821.111-3  |x Anglická próza, anglicky psaná  |2 Konspekt 
080 |a 821.111(415)-31  |2 MRF 
080 |a (0:82-312.4)  |2 MRF 
100 1 |a Gibney, Patricia,  |d 1962-  |7 xx0236792  |4 aut 
240 1 0 |a Final betrayal.  |l Česky 
245 1 0 |a Poslední zrada /  |c Patricia Gibneyová ; přeložila Lenka Faltejsková 
250 |a Vydání první 
264 1 |a Praha :  |b Euromedia Group,  |c 2023 
300 |a 319 stran ;  |c 24 cm 
336 |a text  |b txt  |2 rdacontent 
337 |a bez média  |b n  |2 rdamedia 
338 |a svazek  |b nc  |2 rdacarrier 
500 |a "Vydala Euromedia Group, a.s., v edici Kalibr"--Tiráž 
500 |a Přeloženo z angličtiny 
520 2 |a Další z řady případů inspektorky Lottie Parkerové. Případ zavražděných děvčat, která v ruce drží stříbrnou minci inspektorku upřímně děsí. O to víc je pak vylekaná, když náhle zmizí její dcery.  |b Když dvě mladé dívky nedorazí z nočního klubu domů, jejich rodiny jsou bez sebe strachy. Z vězení totiž nedávno propustili Conora Dowlinga, muže, který jednu z dívek nenáviděl, protože právě kvůli ní skončil za mřížemi. Bohužel po pár dnech jsou v odlehlém squatu nalezeny obě dívky mrtvé. Mrazivé je nejen to, že jejich těla byla zcela zkrvavená, ale navíc obě v rukou svíraly stříbrné mince. Jaký vzkaz to po sobě vrah zanechává? Všechny stopy ukazují na Conora, ovšem jeho alibi je neprůstřelné. A zatímco se inspektorka Lottie Parkerová pouští do pátrání, v luxusním bytovém komplexu se najdou těla dalších dvou ubodaných dívek. Nakladatelská anotace. 
655 7 |a irské romány (anglicky)  |7 fd132475  |2 czenas 
655 7 |a detektivní romány  |7 fd132010  |2 czenas 
655 7 |a thrillery (romány)  |7 fd184206  |2 czenas 
655 9 |a Irish fiction (English)  |2 eczenas 
655 9 |a detective novels  |2 eczenas 
655 9 |a thrillers (novels)  |2 eczenas 
700 1 |a Faltejsková, Lenka,  |d 1974-  |7 ola2003191643  |4 trl 
787 0 8 |i Z cyklu:  |t Inspektorka Lottie Parkerová  |g 6 
900 |a ABA001  |b 21 
928 9 |a Euromedia Group - Kalibr 
928 9 |a Kalibr 
044 |a xr 
505 0 0 |t Posledni zrada 00 (3 min., 20 sek.) 
505 0 0 |t Posledni zrada 01 (9 min., 52 sek.) 
505 0 0 |t Posledni zrada 02 (4 min., 50 sek.) 
505 0 0 |t Posledni zrada 03 (6 min., 40 sek.) 
505 0 0 |t Posledni zrada 49 (21 min., 6 sek.) 
505 0 0 |t Posledni zrada 04 (4 min., 48 sek.) 
505 0 0 |t Posledni zrada 05 (6 min., 33 sek.) 
505 0 0 |t Posledni zrada 06 (14 min., 5 sek.) 
505 0 0 |t Posledni zrada 07 (6 min., 48 sek.) 
505 0 0 |t Posledni zrada 08 (4 min., 42 sek.) 
505 0 0 |t Posledni zrada 09 (6 min., 53 sek.) 
505 0 0 |t Posledni zrada 10 (12 min., 54 sek.) 
505 0 0 |t Posledni zrada 11 (18 min., 31 sek.) 
505 0 0 |t Posledni zrada 12 (8 min., 53 sek.) 
505 0 0 |t Posledni zrada 13 (5 min., 27 sek.) 
505 0 0 |t Posledni zrada 15 (8 min., 10 sek.) 
505 0 0 |t Posledni zrada 14 (13 min., 52 sek.) 
505 0 0 |t Posledni zrada 16 (15 min., 42 sek.) 
505 0 0 |t Posledni zrada 17 (22 min., 58 sek.) 
505 0 0 |t Posledni zrada 18 (13 min., 9 sek.) 
505 0 0 |t Posledni zrada 19 (13 min., 39 sek.) 
505 0 0 |t Posledni zrada 20 (8 min., 3 sek.) 
505 0 0 |t Posledni zrada 21 (10 min., 19 sek.) 
505 0 0 |t Posledni zrada 22 (6 min., 10 sek.) 
505 0 0 |t Posledni zrada 23 (10 min., 41 sek.) 
505 0 0 |t Posledni zrada 24 (15 min., 58 sek.) 
505 0 0 |t Posledni zrada 25 (10 min., 33 sek.) 
505 0 0 |t Posledni zrada 26 (17 min., 35 sek.) 
505 0 0 |t Posledni zrada 27 (6 min., 14 sek.) 
505 0 0 |t Posledni zrada 28 (8 min., 48 sek.) 
505 0 0 |t Posledni zrada 29 (13 min., 5 sek.) 
505 0 0 |t Posledni zrada 30 (7 min., 37 sek.) 
505 0 0 |t Posledni zrada 31 (13 min., 56 sek.) 
505 0 0 |t Posledni zrada 32 (10 min., 0 sek.) 
505 0 0 |t Posledni zrada 33 (12 min., 50 sek.) 
505 0 0 |t Posledni zrada 34 (12 min., 27 sek.) 
505 0 0 |t Posledni zrada 35 (9 min., 55 sek.) 
505 0 0 |t Posledni zrada 36 (17 min., 13 sek.) 
505 0 0 |t Posledni zrada 37 (12 min., 46 sek.) 
505 0 0 |t Posledni zrada 38 (10 min., 2 sek.) 
505 0 0 |t Posledni zrada 39 (7 min., 50 sek.) 
505 0 0 |t Posledni zrada 40 (1 min., 55 sek.) 
505 0 0 |t Posledni zrada 41 (12 min., 28 sek.) 
505 0 0 |t Posledni zrada 42 (14 min., 3 sek.) 
505 0 0 |t Posledni zrada 43 (13 min., 48 sek.) 
505 0 0 |t Posledni zrada 44 (12 min., 21 sek.) 
505 0 0 |t Posledni zrada 45 (22 min., 55 sek.) 
505 0 0 |t Posledni zrada 46 (17 min., 21 sek.) 
505 0 0 |t Posledni zrada 47 (14 min., 53 sek.) 
505 0 0 |t Posledni zrada 48 (9 min., 41 sek.) 
505 0 0 |t Posledni zrada 50 (8 min., 36 sek.) 
505 0 0 |t Posledni zrada 51 (11 min., 41 sek.) 
505 0 0 |t Posledni zrada 52 (19 min., 38 sek.) 
505 0 0 |t Posledni zrada 53 (12 min., 19 sek.) 
505 0 0 |t Posledni zrada 54 (18 min., 49 sek.) 
505 0 0 |t Posledni zrada 55 (9 min., 11 sek.) 
505 0 0 |t Posledni zrada 56 (15 min., 9 sek.) 
505 0 0 |t Posledni zrada 57 (9 min., 17 sek.) 
505 0 0 |t Posledni zrada 58 (17 min., 39 sek.) 
505 0 0 |t Posledni zrada 59 (13 min., 22 sek.) 
505 0 0 |t Posledni zrada 60 (9 min., 12 sek.) 
505 0 0 |t Posledni zrada 61 (6 min., 57 sek.) 
505 0 0 |t Posledni zrada 62 (2 min., 54 sek.) 
505 0 0 |t Posledni zrada 63 (16 min., 47 sek.) 
505 0 0 |t Posledni zrada 64 (5 min., 37 sek.) 
505 0 0 |t Posledni zrada 65 (2 min., 38 sek.) 
505 0 0 |t Posledni zrada 66 (10 min., 25 sek.) 
910 |a RBIT002 
998 |d 416652  |a https://core.palmknihy.cz/api/books/416652/cover?soqqp1  |b https://core.palmknihy.cz/api/books/416652/cover/400?soqqp1  |c https://core.palmknihy.cz/api/books/416652/cover/50?soqqp1  |e 2050-12-31  |i 9788024287294  |l 45300  |q 49  |r 1  |s https://www.palmknihy.cz/kniha/416652  |t audiobook  |y 2024  |z 0  |v Inspektorka Lottie Parkerová  |w 6 
999 |d 313384